Citations du film Le Seigneur des Anneaux - La Communauté de l'Anneau - Statistiques

Statistiques générales
  • Ce quiz a été pris 247 fois
    238 depuis la dernière actualisation
  • Le résultat moyen est 11 sur 13
Statistiques - réponses
Personnage(s) Citations % Correct
Gandalf au Balrog Vous ne {passerez} pas !
100%
Legolas à Frodon Et mon {arc} est vôtre.
97%
Aragorn à Boromir Boromir, rendez {l'Anneau} à Frodon.
96%
Gimli à Frodon Et ma {hache} !
96%
Gandalf au reste de la Communauté {Fuyez}, pauvres fous !
95%
Boromir à Aragorn Je vous aurais suivi mon frère, mon Capitaine, mon {Roi}.
93%
Sam à Frodon Il y a du {bon} en ce monde Monsieur Frodon, et il faut se battre pour cela.
92%
Gimli à Aragorn Non ! Personne ne lancera un {nain}.
89%
Aragorn à Boromir Repose en paix, fils du {Gondor}.
89%
Galadriel Un Anneau pour les {gouverner} tous.
89%
Gandalf à Saroumane Dites-moi, "ami". Quand Saroumane le Sage a-t-il abandonné la raison pour la {folie} ?
82%
Gandalf à Frodon Un magicien n'est jamais en retard. Ni en avance, d'ailleurs. Il arrive {précisément} {à} {l'heure} prévue.
60%
Arwen à Aragorn Je préfère partager une existence {humaine} avec vous qu'affronter tous les âges de ce monde tout seule.
43%
Aucun quiz correspondant
Distribution des résultats
% des personnes avec chaque résultat
Percentile par nombre de réponses
Votre historique - résultats
Vous n’avez pas pris ce quiz depuis la dernière actualisation